Basic electronics: a text-lab manual
Salvato in:
| Autore principale: | |
|---|---|
| Altri autori: | |
| Natura: | Libro |
| Lingua: | inglese |
| Pubblicazione: |
Nueva York
McGraw-Hill
1983
|
| Edizione: | 5a. ed |
| Soggetti: | |
| Tags: |
Aggiungi Tag
Nessun Tag, puoi essere il primo ad aggiungerne!!
|
MARC
| LEADER | 00000nam a2200000 a 4500 | ||
|---|---|---|---|
| 001 | UCU5584 | ||
| 003 | CL-VaPUC | ||
| 008 | 960604e19830000US |||||||||||||||||eng|d | ||
| 082 | 0 | 4 | |a 621.381 |b ZBA |2 21 |
| 100 | 0 | |a Zbar, Paul B |e author |9 363555 | |
| 700 | |a Malvino, Albert Paul |e autor |9 523512 | ||
| 245 | 1 | 0 | |a Basic electronics: a text-lab manual |
| 250 | |a 5a. ed | ||
| 300 | |a 338 p | ||
| 942 | |c BK | ||
| 945 | |d 19960604 00:00:00 |a lriquelm | ||
| 260 | |a Nueva York |b McGraw-Hill |c 1983 | ||
| 650 | 0 | |a Electrónica |9 263192 | |
| 650 | 7 | |a DIODOS SEMICONDUCTORES |2 CL-VaPUC |9 363557 | |
| 650 | 0 | |a Corrientes eléctricas |9 354960 | |
| 650 | 0 | |a Transistores |9 260330 | |
| 650 | 0 | |a Amplificadores |9 338119 | |
| 650 | 0 | |a Voltaje |9 362861 | |
| 650 | 7 | |a OSCILOSCOPIOS |2 CL-VaPUC |9 353631 | |
| 583 | |a last modification |c 19960604 00:00:00 |k Rodrigo Vera | ||
| 999 | |c 248864 |d 248862 | ||
| 952 | |0 0 |1 0 |4 0 |6 621_381000000000000_ZBA_1983 |7 0 |8 A |9 265763 |a BIBING |b BIBING |d 2019-11-19 |i 1677152 |o 621.381 ZBA 1983 |p 1677152 |r 2025-01-20 |w 2019-11-19 |y BK |k EIE | ||